Spacecraft systems engineering / (Record no. 594095)

000 -LEADER
fixed length control field 03397cam a2200361 a 4500
001 - CONTROL NUMBER
control field 16727366
005 - DATE AND TIME OF LATEST TRANSACTION
control field 20230322144730.0
008 - FIXED-LENGTH DATA ELEMENTS--GENERAL INFORMATION
fixed length control field 110408s2011 njua b 001 0 eng
010 ## - LIBRARY OF CONGRESS CONTROL NUMBER
LC control number 2011015486
020 ## - INTERNATIONAL STANDARD BOOK NUMBER
International Standard Book Number 9780470750124 (hardback)
040 ## - CATALOGING SOURCE
Original cataloging agency DLC
Transcribing agency DLC
Modifying agency DLC
042 ## - AUTHENTICATION CODE
Authentication code pcc
050 00 - LIBRARY OF CONGRESS CALL NUMBER
Classification number TL875
Item number .S68 2011
082 00 - DEWEY DECIMAL CLASSIFICATION NUMBER
Classification number 629.47
Edition number 22
Author Mark FOR
084 ## - OTHER CLASSIFICATION NUMBER
Classification number TEC002000
Number source bisacsh
245 00 - TITLE STATEMENT
Title Spacecraft systems engineering /
Statement of responsibility, etc. edited by Peter Fortescue, John Stark, Graham Swinerd.
250 ## - EDITION STATEMENT
Edition statement 4th ed.
260 ## - PUBLICATION, DISTRIBUTION, ETC.
Place of publication, distribution, etc. Hoboken, N.J. :
Name of publisher, distributor, etc. Wiley,
Date of publication, distribution, etc. c2011.
300 ## - PHYSICAL DESCRIPTION
Extent xxxii, 691 p. :
Other physical details ill. ;
Dimensions 25 cm.
504 ## - BIBLIOGRAPHY, ETC. NOTE
Bibliography, etc. note Includes bibliographical references and index.
505 0# - FORMATTED CONTENTS NOTE
Formatted contents note The spacecraft environment and it's effect on the design -- Dynamics of spacecraft -- Celestial mechanics -- Mission analaysis -- Propulsion systems -- Launch vehicles -- Spacecraft structures -- Attitude control -- Electrical power systems -- Thermal control of spacecraft -- Telecommunications -- Telemetry, command, data handling and processing -- Ground segment -- Spacecraft mechanisms -- Spacecraft electromagnetic compatibility engineering -- Assembly, integration and verification -- Small satellite engineering and application -- Product assurance -- Spacecraft system engineering.
520 ## - SUMMARY, ETC.
Summary, etc. "Updated edition of this bestselling & well-established introductory guide to the engineering of spacecraftThoroughly revised and updated, this fourth edition of Spacecraft Systems Engineering provides the reader with comprehensive coverage of all the different areas of engineering required in the design and implementation of spacecraft and space missions. The authors describe the workings of various types of spacecraft systems together with the essential disciplines which ensure that they work reliably and in harmony with each other. With emphasis on recent developments in space activities, all chapters have been rewritten with major revisions to the chapters on launch vehicles, structures, ground stations and mechanisms, and a brand new chapter on Assembly, Integration and Test. Spacecraft Systems Engineering, 4th edition begins with front-end system level issues such as environment, mission analysis and system engineering, and progresses to a detailed examination of subsystem elements which represent the core of spacecraft design - mechanical, electrical, propulsion, thermal, control etc. This quantitative treatment is supplemented by an appreciation of the interactions between the elements, which deeply influence the process of spacecraft systems design"--
Assigning source Provided by publisher.
520 ## - SUMMARY, ETC.
Summary, etc. "Thoroughly revised and updated, this fourth edition of Spacecraft Systems Engineering, 4th edition provides the reader with comprehensive coverage of all the different areas of engineering required in the design and implementation of spacecraft and space missions"--
Assigning source Provided by publisher.
650 #0 - SUBJECT ADDED ENTRY--TOPICAL TERM
Topical term or geographic name entry element Space vehicles
General subdivision Design and construction.
9 (RLIN) 84428
650 #0 - SUBJECT ADDED ENTRY--TOPICAL TERM
Topical term or geographic name entry element Astronautics
General subdivision Systems engineering.
9 (RLIN) 84429
650 #7 - SUBJECT ADDED ENTRY--TOPICAL TERM
Topical term or geographic name entry element TECHNOLOGY & ENGINEERING / Aeronautics & Astronautics
Source of heading or term bisacsh.
700 1# - ADDED ENTRY--PERSONAL NAME
Personal name Fortescue, Peter W.
9 (RLIN) 84431
700 1# - ADDED ENTRY--PERSONAL NAME
Personal name Stark, John.
700 1# - ADDED ENTRY--PERSONAL NAME
Personal name Swinerd, Graham.
9 (RLIN) 84433
906 ## - LOCAL DATA ELEMENT F, LDF (RLIN)
a 7
b cbc
c orignew
d 1
e ecip
f 20
g y-gencatlg
942 ## - ADDED ENTRY ELEMENTS (KOHA)
Source of classification or shelving scheme
Koha item type Book
Holdings
Withdrawn status Lost status Source of classification or shelving scheme Damaged status Not for loan Permanent Location Current Location Shelving location Date acquired Full call number Barcode Date last seen Price effective from Koha item type
          School of Mechanical & Manufacturing Engineering (SMME) School of Mechanical & Manufacturing Engineering (SMME) Aerospace Engineering 03/22/2023 629.47 FOR SMME-4109 03/22/2023 03/22/2023 Book
© 2023 Central Library, National University of Sciences and Technology. All Rights Reserved.